000 00766nam a2200241Ia 4500
003 OSt
005 20220923221703.0
006 a|||||r|||| 00| 0
007 ta
008 220922b |||||||| |||| 00| 0 hin d
024 _a199,307
037 _cTextual
040 _aARTS
_cARTS
_bhin
041 _2hin
_ahin
082 _aQ0aV2:2, M3
100 _aवेदालंकार, प्रशान्त
245 0 _aधर्म का स्वरुप
246 _aDharma kā svarupa
260 _aदिल्ली
_b गोविन्द राम हासानन्द
_c1983
300 _a205पृ.
_ccm.
942 _hQ0aV2:2, M3
_cTEXL
_2CC
999 _c351082
_d351082